2019 Ballon d'or Rankings - Statistics

General Stats
  • This quiz has been taken 341 times
  • The average score is 18 of 20
Answer Stats
Rank Team Country Player % Correct
3 Juventus Portugal Cristiano Ronaldo
100%
1 Barcelona Argentina Lionel Messi
100%
6 Paris Saint-Germain France Kylian Mbappe
99%
5 Liverpool Egypt Mohamed Salah
99%
8 Bayern Munich Poland Robert Lewandowski
98%
4 Liverpool Senegal Sadio Mane
98%
2 Liverpool Netherlands Virgil van Dijk
98%
14 Manchester City Belgium Kevin de Bruyne
94%
10 Manchester City Algeria Riyad Mahrez
93%
11 Barcelona Netherlands Frenkie de Jong
92%
9 Manchester City Portugal Bernardo Silva
90%
17 Liverpool Brazil Roberto Firmino
89%
16 Manchester City Argentina Sergio Aguero
89%
13 Real Madrid Belgium Eden Hazard
87%
7 Liverpool Brazil Alisson Becker
84%
20 Arsenal Gabon Pierre-Emerick Aubameyang
84%
12 Manchester City England Raheem Sterling
80%
19 Liverpool England Trent Alexander-Arnold
79%
18 Barcelona France Antoine Griezmann
77%
15 Juventus Netherlands Matthijs de Ligt
76%
No matching quizzes found
Score Distribution
Percent of People with Each Score
Percentile by Number Answered
Your Score History
You have not taken this quiz